Shape of 80 Greek Islands (Ελληνικά) - Statistics

General Stats
  • This quiz has been taken 15 times
  • The average score is 36 of 80
Answer Stats
Picture Answer % Correct
Σαντορίνη
100%
Κρήτη
100%
Ικαρία
100%
Αστυπάλαια
100%
Χίος
89%
Ρόδος
89%
Μακρόνησος
89%
Λέσβος
89%
Κεφαλονιά
89%
Κέρκυρα
89%
Εύβοια
89%
Σάμος
78%
Μήλος
78%
Αμοργός
78%
Σαλαμίνα
67%
Νάξος
67%
Λευκάδα
67%
Λήμνος
67%
Κως
67%
Κέα
67%
Κάρπαθος
67%
Θάσος
67%
Άνδρος
67%
Σκύρος
56%
Σύρος
56%
Κύθνος
56%
Κύθηρα
56%
Ιθάκη
56%
Αίγινα
56%
Ψαρά
44%
Σκόπελος
44%
Μεγανήσι
44%
Κάλυμνος
44%
Ζάκυνθος
44%
Ανάφη
44%
Φολέγανδρος
33%
Τήνος
33%
Σαμοθράκη
33%
Σέριφος
33%
Παξοί
33%
Πόρος
33%
Πάρος
33%
Μύκονος
33%
Κάσος
33%
Ελαφόνησος
33%
Γαύδος
33%
Ίος
33%
Φούρνοι
22%
Τήλος
22%
Τέλενδος
22%
Σχοινούσσα
22%
Σκιάθος
22%
Σύμη
22%
Σίκινος
22%
Ρω
22%
Πάτμος
22%
Οινούσσες
22%
Νίσυρος
22%
Λειψοί
22%
Λέρος
22%
Καστελλόριζο
22%
Κίμωλος
22%
Κέρος
22%
Κάτω Κουφονήσι
22%
Θηρασιά
22%
Ηρακλειά
22%
Δονούσσα
22%
Δήλος
22%
Γυάρος
22%
Αντικύθηρα
22%
Αντίπαρος
22%
Αντίπαξοι
22%
Αλόννησος
22%
Αγκίστρι
22%
Ύδρα
22%
Άνω Κουφονήσι
22%
Άγιος Ευστράτιος
22%
Σπέτσες
11%
Σίφνος
11%
Κάλαμος
11%
No matching quizzes found
Score Distribution
Percent of People with Each Score
Percentile by Number Answered
Your Score History
You have not taken this quiz